| 000 | 00455nam a22001817a 4500 | ||
|---|---|---|---|
| 005 | 20260402115851.0 | ||
| 008 | 260402b |||||||| |||| 00| 0 eng d | ||
| 020 | _a9789392135934 | ||
| 041 | _aEnglish | ||
| 082 | _a347.072 SWA | ||
| 100 | _aSwamy, N. Maheswara | ||
| 245 | _aTextbook of Drafting, Pleading & Conveyancing | ||
| 250 | _a3rd | ||
| 260 |
_aHyderabad : _bAsia Law House, _c2022. |
||
| 300 | _a456 p | ||
| 650 | _bDrafting | ||
| 942 | _cDB | ||
| 999 |
_c9584 _d9584 |
||